| 000 | 02291nam a22003497a 4500 | ||
|---|---|---|---|
| 003 | BJBSDDR | ||
| 005 | 20260429123258.0 | ||
| 007 | ta | ||
| 008 | 260424s2022 nyu||||| |||| 00| 0 eng d | ||
| 020 | _a9780744060119 (hardcover) | ||
| 020 | _a0744060117 (hardcover) | ||
| 040 |
_beng _cDLC |
||
| 041 | _aeng | ||
| 050 | 1 | 4 |
_aQP 376 _bS612 2022 |
| 245 | 0 | 0 |
_aSimply The Brain / _ccontributors, Liam Drew, Alina Ivan, Susan Watt, Emma Yhnell. |
| 246 | 3 | 0 | _aBrain |
| 250 | _aFirst American edition | ||
| 260 |
_aNew York, NY : _bDK Publishing, _c2022 |
||
| 300 |
_a160 pages : _bcolor illustrations ; _c22 cm |
||
| 490 | 1 | _aSimply | |
| 500 | _aIncludes index | ||
| 505 | 0 | _aThe human brain The sensational world Moods and emotions Individuality Memory and learning Communication The brain and action The social brain Neurodiversity The rational brain The conscious brain | |
| 520 | _aThe clearest, simplest guide to understanding the human brain. The human brain is a most remarkable organ, but how well do we really understand the way it works? Discover more about what goes on in your head with this guide to the brain and the mind, based on the latest neuroscience research. What is a brain and what is the mind? Do you only use 10% of your brain? Why do some people hear colour? Simply The Brain explores everything that goes on in the brain when you think, feel, and perceive the world around you. If you simply want a jargon-free reference to the mind and the brain, this essential guide is packed with everything you need to understand the basics quickly and easily. Covering more than 90 key ideas from neurons and nerves to forming memories and brain implants, each pared-back entry explains the concept more clearly than ever before. Combining bold, elegant graphics with easy-to-understand text, Simply The Brain is the perfect introduction to the subject for those who are short of time but hungry for knowledge | ||
| 650 | 4 |
_aCerebro _92723 _vTrabajos populares |
|
| 700 | 1 |
_aDrew, Liam _948139 _econtributor |
|
| 700 | 1 |
_aIvan, Alina _948140 _econtributor |
|
| 700 | 1 |
_aWatt, Susan, _d1958 - _943936 _econtributor |
|
| 700 | 1 |
_aYhnell, Emma _948143 _econtributor |
|
| 830 | 0 |
_aSimply (DK Publishing, Inc.) _944649 |
|
| 942 |
_2lcc _cBK |
||
| 946 | _icmc | ||
| 999 |
_c126928 _d126928 |
||